ბათუმის შოთა რუსთაველის სახელმწიფო უნივერსიტეტის ბიბლიოთეკა

Lights on the Royal Mummies in the Egyptian Museum : (ბიბ.ჩანაწერი № 60658)

000 -LEADER
fixed length control field 00520nam a22001577a 4500
005 - DATE AND TIME OF LATEST TRANSACTION
control field 20231004102045.0
008 - FIXED-LENGTH DATA ELEMENTS--GENERAL INFORMATION
fixed length control field 231004s1964 enk||||| |||| 00| 0 eng d
041 ## - LANGUAGE CODE
Language code of text/sound track or separate title eng
080 ## - UNIVERSAL DECIMAL CLASSIFICATION NUMBER
Universal Decimal Classification number 069 M-78
100 ## - MAIN ENTRY--PERSONAL NAME
Personal name Mohamed, Ahmed Ragab
9 (RLIN) 19987
245 ## - TITLE STATEMENT
Title Lights on the Royal Mummies in the Egyptian Museum :
Remainder of title A Handbook for Tourists /
Statement of responsibility, etc. Ahmed Ragab Mohamed.
264 ## - PRODUCTION, PUBLICATION, DISTRIBUTION, MANUFACTURE, AND COPYRIGHT NOTICE
Place of production, publication, distribution, manufacture Cairo,
Date of production, publication, distribution, manufacture, or copyright notice 1964.
300 ## - PHYSICAL DESCRIPTION
Extent 194 p. ;
Other physical details ill.
Dimensions 16 cm.
653 ## - INDEX TERM--UNCONTROLLED
keyword ეგვიპტის სამეფო მუმიებi
942 ## - ADDED ENTRY ELEMENTS (KOHA)
Source of classification or shelving scheme
Koha item type წიგნი
ეგზემპლარები
Withdrawn status Lost status Source of classification or shelving scheme Damaged status Not for loan Permanent Location Current Location Shelving location Date acquired Cost, normal purchase price Full call number Barcode Date last seen Copy number Uniform Resource Identifier Price effective from Koha item type Public note
          ბათუმის შოთა რუსთაველის სახელმწიფო უნივერსიტეტის მთავარი ბიბლიოთეკა ბათუმის შოთა რუსთაველის სახელმწიფო უნივერსიტეტის მთავარი ბიბლიოთეკა წიგნსაცავი 2023-10-04 5.00 069 M-78 65242 2023-10-04 65242 ბსუ-ს საპატიო დოქტორის გურამ ლორთქიფანიძის საჩუქარი 2023-10-04 წიგნი 5 ლ.